Original Houses /

Gespeichert in:
Bibliographische Detailangaben
Weitere Verfasser: Minguet, Josep María (Herausgegeben von)
Format: Buch
Sprache:Englisch
Spanisch
Veröffentlicht: Barcelona, Spain monsa 2014
Schlagworte:
Tags: Tag hinzufügen
Keine Tags, Fügen Sie das erste Tag hinzu!

MARC

LEADER 00000nam a22000003a 4500
001 0006280
003 SK-STU
005 20150720120349.2
007 ta
008 150720s ----xo-----e------000-0-----d
020 |a 978-84-15829-66-9 
040 |a STU  |b slo 
041 0 |a eng 
041 0 |a spa 
044 |a sp 
100 1 |a Minguet, Josep María  |r Z6  |4 edt 
245 1 0 |a Original Houses /  |c ed. Josep María Minguet 
260 |a Barcelona, Spain  |b monsa  |c 2014 
300 |a 111 s. 
650 0 7 |a súčasná architektúra 
650 0 7 |a rodinný dom 
650 0 7 |a private residence 
996 |b 284AU06480  |c A* 9404/U  |l AAKNST  |s P  |a 0  |w 0006280_0001